000 00759nam a2200193 i 4500
001 37823
003 ES-MaACL
005 20241210140213.0
007 t|
008 030221s1972 sp ||||1| spa d
100 1 _aCádiz Salvatierra, José.
_933402
245 1 0 _aMi labor
_b: (veinticinco años al servicio de la cultura jerezana) /
_cJosé Cádiz Salvatierra ; edición preparada y anotada por A. García del Moral ; prólogo José Mª Pemán.
260 _aJerez de la Frontera :
_b[s.n.,
_c1972] (
_eGranada :
_fGráf. Rafra)
300 _aXIII, 625 p., 1 lám. ;
_c24 cm.
700 1 _aGarcía del Moral, A.
_954517
700 1 _aPemán, José María,
_d1897-1981
_990130
852 _aES-MaACL
_jC-49250
_bR.84521
999 _c37823
_d37823